00471nam a2200181Ia 4500999001700000003000400017005001700021008004100038040000900079082001500088100003000103245004000133250001200173260003900185300000900224650001900233942003700252 c35398d35398OSt20201216110303.0190216s9999||||xx |||||||||||||| ||und|| coclc a301bGOO/T aGoolrick, William K97567 4aThe Community /cWilliam K Goolrick a1st Ed. bTime Life Books,c1977.aNew York: a176p aHuman Behavior cREF2ddch301iGOO/Tk301mGOO/T